| 000 | 00828nam a22002177a 4500 | ||
|---|---|---|---|
| 999 |
_c17414 _d17414 |
||
| 003 | AR-CdUCM | ||
| 008 | 190503b ||||| |||| 00| 0 spa d | ||
| 040 |
_aMUNICIPALIDAD PROVINCIAL DEL CUSCO _cBIBLIOTECA MUNICIPAL DEL CUSCO |
||
| 082 |
_a611.9 / _bR86 |
||
| 100 |
_aRouvière, Henri _936082 |
||
| 245 |
_aAnatomía humana : _bDescriptiva y topográfica / |
||
| 260 |
_aMéxico : _bNacional, _c1962. |
||
| 300 |
_a469 paginas ; _bIlustraciones, _c23 cm. |
||
| 505 | _aContenido : t.2 : Anatomía descriptiva --Anatomía topográfica de la cabeza y del cuello... t.3 : Miembros -- Sistema nervioso central... | ||
| 650 |
_aAnatomía humana _926293 |
||
| 650 |
_aFisiología _94959 |
||
| 650 |
_aAnatomía topográfica _920911 |
||
| 700 |
_aLopez Prieto, R. y Gavilan Bofil, M _937418 |
||
| 942 |
_2ddc _cLIBROS |
||
| 945 | _aandy | ||